00685nam a22002055i 4500001000700000003000900007005001700016008004100033040002000074100001900094245004900113260004400162300003500206490004800241650002600289700003100315752002500346830004800371852006000419168049ES-MaACL20230906213651.0051004s1867 gw |||| | eng d aCAM bspa cCAM1 aYates, Edmund.10aBlack sheep b: a novel / cby Edmund Yates. aLeipzig : bBernhard Tauchnitz, c1867. a2 v. (328 ; 327 p.) ; c16 cm.1 aCollection of british authors ; v892 ; 893 7aNovela inglesa2embne1 aTauchnitz, Bernhard, eed. aAlemania - dLeipzig0 aCollection of british authors ; v892 ; 893 aES-MaACLjG-11980 z-- Enc. hol. z-- Enc. 2 t. en 1 v.